Statistics for Pick a Picture - Animal Relations

Click here to take the quiz!

General Stats

  • This quiz has been taken 11,693 times
  • The average score is 8 of 14

Answer Stats

QuestionAnswer% Correct
         Pick the closest relative of the GOAT from these three animals:
89%
           Pick the closest relative of the CAMEL from these three animals:
84%
         Pick the closest relative of the GIRAFFE from these three animals:
78%
         Pick the closest relative of the HUMAN from these three animals:
77%
         Pick the closest relative of the ELEPHANT from these three animals:
69%
         Pick the closest relative of the DOLPHIN from these three animals:
68%
         Pick the closest relative of the KANGAROO from these three animals:
63%
         Pick the closest relative of the SQUIRREL from these three animals:
62%
           Pick the closest relative of the BEAR from these three animals:
53%
         Pick the closest relative of the SLOTH from these three animals:
52%
         Pick the closest relative of the PLATYPUS from these three animals:
47%
         Pick the closest relative of the SCORPION from these three animals:
46%
         Pick the closest relative of the HYENA from these three animals:
26%
         Pick the closest relative of the CROCODILE from these three animals:
5%

Score Distribution

Percentile by Number Answered

Percent of People with Each Score

Your Score History

You have not taken this quiz